Statistics for Sometime Last Night - R5 - Lyrics

Click here to take the quiz!

General Stats

  • This quiz has been taken 230 times
    (184 since last reset)
  • The average score is 11 of 15

Answer Stats

LyricAnswer% Correct
Got Blue Jean Baby playing in my mindAll Night
97%
Today I feel like running naked through your streetSmile
93%
And we better live our life up to the fullestWild Hearts
92%
Falling in love on the first date/ I don't even know your last nameDark Side
89%
Chatting college and politics in time that we spendLet's Not Be Alone Tonight
84%
Climb the stairs to your apartment, just to see you holding himRepeating Days
84%
I can't remember why I ever went and left youLightning Strikes
81%
Listen to the airplanes as we count the starsDo It Again
79%
Life is a short trip / And I've been aroundDid You Have Your Fun?
77%
My hearts lonely without youF.E.E.L.G.O.O.D.
74%
There's something about you I'm drawn to / But there's nothing I can doI Know You Got Away
73%
This side affect I know too wellDoctor, Doctor
67%
Living in a plastic world / You think you're such a lucky girlWhat You're Missing
56%
I don't know what love is / But I know I never felt like thisI Can't Say I'm In Love
53%
I don't care I'll drive this car into the groundNine Lives
48%

Score Distribution

Percentile by Number Answered

Percent of People with Each Score

Your Score History

You have not taken this quiz since the last reset